000 00704nam a2200193Ii 4500
003 JO-AjNU
008 230605s9999||||xx |||||||||||||| ||und||
040 _aJO-AjNU
_bara
_erda
_cJO-AjNU
041 _aara
050 1 4 _aBP135.8.M28.I26 1988
100 3 _aالمكي، ابن حجر الهيتمي؛ تحقيق محمد مشكور المياديني,
_eauthor
_97601
245 0 0 _aكتاب الإفصاح عن أحاديث النكاح
264 3 1 _aبغداد: المكتبة العالمية، 1988
300 _a143ص
336 _atext
_btxt
_2rdacontent
337 _aunmediated
_bn
_2rdamedia
338 _avolume
_bnc
_2rdacarrier
650 4 _aالاسلام - فقة - احوال شخصية
_97602
999 _aA363
_c3931
_d3931